000 02750nam a22003377a 4500
003 OSt
005 20240817002658.0
007 cr ||||||a|c|a
008 240814s2023 mx ad||fom||| 001 0 spa d
040 _erda
100 1 _aJaimes Serrato, Floricel
_9189414
245 1 0 _aEfecto de trichoderma harzianum, micorrizas y procloraz, en el control de Fusarium oxysporum f.sp. lycopersici en Jitomate /
_cpor Floricel Jaimes Serrato; presidente Candelario Santillán Ortega; secretario Snatos Gerardo Leyva Mir; vocal Jaime Alfredo Urzúa Gutiérrez; suplente Calixto Leopoldo Carrillo Fonseca; suplente Guillermo Mondragón Pedrero
264 1 _aChapingo, México :
_bEl autor,
_c2023
300 _a1 recurso en línea (42 páginas):
_bIlustraciones, cuadros, gráficas
336 _2rdacontent
_atexto
_btxt
337 _2rdamedia
_acomputadora
_bc
338 _2rdacarrier
_arecurso en línea
_bcr
502 _bIAEPA
_cParasitología
_d2023
_gLIC
504 _aIncluye referencias bibliográficas: páginas 29-38
520 _aLa presente investigación se realizó con el objetivo de evaluar la efectividad biológica de Trichoderma harzianum, micorrizas y procloraz, para el control de Fusarium oxysporum f.sp. lycopersici en plantas de jitomate variedad Floradade. El experimento se realizó en un invernadero del Departamento de Parasitología Agrícola, ubicado en la Universidad Autónoma Chapingo. Se utilizó un diseño en bloques completos al azar con ocho tratamientos y cada tratamiento consistió en seis plántulas con cuatro repeticiones. Para encontrar el mejor tratamiento se evaluó el tamaño de la parte aérea de las plantas y las raíces, el peso fresco de la parte aérea de las plantas y las raíces. Los productos evaluados fueron Trichoderma harzianum (2.5 g / L H2O), micorrizas (2.5 g / L H2O) y procloraz (2.5 mL / L H2O), aplicados de forma preventiva y curativa a la infección con Fusarium. Los resultados arrojaron que Trichoderma harzianum aplicado de forma preventiva a la infección fue el más efectivo para el control de Fusarium oxysporum f.sp. lycopersici en plantas de jitomate.
650 4 _aFusarium oxysporum
_xControl biológico
_9131842
650 4 _aTomate
_xRendimiento
_9113761
650 4 _aMarchitez del tomate
_971288
700 1 _aSantillán Ortega, Candelario
_9102429
_epresidente
700 1 _aLeyva Mir, Santos Gerardo
_966581
700 1 _aUrzúa Gutiérrez, Jaime Alfredo
_9117018
_evocal
700 1 _aCarrillo Fonseca, Calixto Leopoldo
_919482
_esuplente
700 1 _aMondragón Pedrero, Guillermo
_977486
_esuplente
856 _uhttp://10.13.5.2/tesis/tl/1511215-6_JAIMES_SERRATO_FLORICEL.pdf
_zDESCARGAR PDF
942 _2Clasificación Universidad Autónoma Chapingo
_cTD
999 _c220074
_d220074